Music Quiz

Random Music or Song Quiz

U2 Complete Song Lyrics 8 Quiz Stats

 Plays Quiz not verified by Sporcle

Also try: 101 Song 'A' Words
Challenge
Share
Tweet
Embed
Score 0/106 Timer 07:00
0 Plays Today
% Correct
the
99.1%
The
99.1%
I
98.3%
I
98.3%
I
98.3%
I
98.3%
I
98.3%
I
98.3%
I
98.3%
I
98.3%
I
98.3%
you
93.1%
you
93.1%
you.
93.1%
you.
93.1%
me
78.4%
to
75.9%
to
75.9%
to
75.9%
to
75.9%
to
75.9%
to
75.9%
to
75.9%
in
73.3%
in
73.3%
in
73.3%
in.
73.3%
in
73.3%
in
73.3%
is
70.7%
it
67.2%
it
67.2%
my
62.9%
my
62.9%
can't
61.2%
can't
61.2%
% Correct
you're
61.2%
I'm
60.3%
if
59.5%
but
52.6%
but
52.6%
but
52.6%
give
52.6%
give
52.6%
up
51.7%
up,
51.7%
all,
51.7%
there,
50.9%
find
48.3%
only
48.3%
Gloria,
48.3%
Gloria,
48.3%
Gloria,
48.3%
gloria.
48.3%
Oh
48.3%
find
48.3%
Gloria,
48.3%
Gloria,
48.3%
Oh
48.3%
Gloria,
48.3%
Gloria,
48.3%
Gloria,
48.3%
gloria.
48.3%
at
46.6%
I'd
46.6%
I'd
46.6%
this
45.7%
complete.
45.7%
this
45.7%
let
45.7%
had
44.8%
try
44%
% Correct
try
44%
stand
44%
try,
44%
try
44%
try
44%
try
44%
feet.
42.2%
door.
40.5%
door
40.5%
open,
40.5%
sing
37.9%
te
37.9%
sing
37.9%
te
37.9%
te
37.9%
domine.
37.1%
domine.
37.1%
anything,
37.1%
anything
37.1%
domine.
37.1%
speak
36.2%
standing
36.2%
song
34.5%
song
34.5%
get
34.5%
Lord,
33.6%
Lord,
33.6%
lips.
19.8%
loosen
17.2%
loud,
16.4%
loud,
16.4%
exultate.
15.5%
exultate.
15.5%
exultate.
15.5%

You're not logged in!

Compare scores with friends on all Sporcle quizzes.
Join for Free
OR
Log In

You Might Also Like...

Show Comments

Extras

Created Sep 7, 2015ReportNominate
Tags:Song Quiz, complete

Top Quizzes Today


Score Distribution

Your Account Isn't Verified!

In order to create a playlist on Sporcle, you need to verify the email address you used during registration. Go to your Sporcle Settings to finish the process.

Report this User

Report this user for behavior that violates our Community Guidelines.

Details: